000 01140aam a2200301 i 4500
001 768714001
003 CO-MdFUSB
005 20250515104649.0
007 ta
008 250515t1991 -us |||| |||| 00| 0 spa d
020 _a1-5603-142-2
040 _cCO-MdFUSB
041 _aspa
082 0 4 _223
_a248.11
_bC1122i
100 1 _aCaballero Yoccou, Raúl
_eautor
245 1 3 _aEl líder conforme al corazón de Dios
_c/ Raul Caballero Yoccou
264 1 _bUnilit,
_aMiami, Fl. :
_c[1991]
264 4 _c©1991
300 _a184 páginas
336 _atexto
_btxt
_2rdacontent
337 _2rdamedia
_asin mediación
_bn
338 _2rdacarrier
_avolumen
_bnc
505 _aEl líder modelo -- El líder y sus primeras actividades -- El líder en funciones -- El líder a solas con Dios -- El líder y el perdón -- El líder y sus requisitos -- el líder y su preparación -- Los liderados crecen -- S multiplican las tareas -- El líder y sus dificultades -- El líder y sus riesgos -- El líder y la rendición de cuentas
563 _aRústico
650 7 _aLiderazgo cristiano
_2embne
_97271
942 _cBK
945 _aJTF-925
999 _c34441
_d34441